| 000 | nam a22 7a 4500 | ||
|---|---|---|---|
| 999 |
_c330769 _d330769 |
||
| 003 | ASAB | ||
| 005 | 20170804134846.0 | ||
| 008 | 170804b xxu||||| |||| 00| 0 eng d | ||
| 020 | _a81-219-2453-7 | ||
| 040 | _cASAB | ||
| 082 | _a572 | ||
| 245 |
_aFundamentals of biochemistry _cDr. J.L. Jain et. al. |
||
| 250 | _aMulticolour edition | ||
| 260 |
_aRam Nagar, New Delhi _bS. Chand & Company Ltd. _c1979 |
||
| 300 | _a1230 P | ||
| 942 |
_2ddc _cBK |
||